000 00349nam a2200133Ia 4500
008 220217s9999||||xx |||||||||||||| ||und||
020 _a9788125919032
082 _a551 RED
100 _aReddy, Venkat, D
245 0 _aEngineering geology
260 _aVikas publications
_bNew Delhi
_c2014
300 _aXIII, 658p.
_b495
650 _aGEOLOGY
999 _c186045
_d186045